00657cam a22002174a 45000010009000000050017000090080041000260100017000670200036000840200035001200400018001550410008001730420008001810430012001890800011002010820015002121000007002271010008002342450133002425040064003751372622820171214042423.0040921s2005 tnuab b 001 0 eng  a 2004022129 a0826514588 (cloth : alk. paper) a0826514596 (pbk. : alk. paper) aDLCcDLCdDLC aeng apcc an-us-tn a72 KRE00a72 KRE2221 a72 aARK14aThe plan of Nashville :cNashville Civic Design Center, Mark Schimmenti ... [et al.] ; written and edited by Christine Kreyling. aIncludes bibliographical references (p. 243-246) and index.